000
00321nam a22001337a 4500
020
_a
978-93-82269-41-1
082
_a
621.4021
100
_a
Balmer, Robert T.
245
_a
Modern Control Thermodynamics /
260
_a
New Delhi :
_b
Elsevier,
_c
2012.
300
_a
801 p. ;
_b
28 cm.
500
_a
Paperback.
942
_c
BK
999
_c
33775
_d
33775